Sports Quiz

Random Sports or NFL Quiz

NFL 30+ Rushing TDs, '00s & '10s Quiz Stats

 Plays Quiz Updated Jan 10, 2020

     
Support Sporcle.
Go Orange.
Score 0/76 Timer 07:00
18 Plays Today
TDs Rusher % Correct
145LaDainian Tomlinson
96%
111Adrian Peterson
95.2%
85Marshawn Lynch
88.9%
79Frank Gore
87.7%
55Larry Johnson
87.3%
100Shaun Alexander
86.7%
68Thomas Jones
86.7%
49Rudi Johnson
85.1%
55Chris Johnson
83.9%
67Edgerrin James
83%
64Ricky Williams
83%
75Clinton Portis
82.5%
61DeAngelo Williams
80.5%
69Steven Jackson
80.5%
58Jamal Lewis
80.4%
33David Johnson
80.1%
53Marion Barber
80%
68Maurice Jones-Drew
79.1%
30Fred Jackson
78.9%
52Tiki Barber
78.6%
73LeSean McCoy
76.9%
51Marshall Faulk
76.5%
78Priest Holmes
76%
50Jerome Bettis
75.3%
63Corey Dillon
74.7%
54Arian Foster
72.5%
59Ahman Green
71.7%
45Curtis Martin
71.5%
58Todd Gurley
70.7%
54Matt Forte
68.8%
38Le'Veon Bell
68.6%
60Brandon Jacobs
68.6%
41Brian Westbrook
67.6%
49Deuce McAllister
67.6%
37Ray Rice
67.4%
49DeMarco Murray
66.2%
44Jamaal Charles
66.1%
51Jonathan Stewart
65.7%
TDs Rusher % Correct
30Doug Martin
65.6%
46Fred Taylor
65.3%
39Latavius Murray
65.1%
32Antowain Smith
64.2%
66Michael Turner
64%
40Ezekiel Elliott
63.7%
65Willis McGahee
63.6%
43Stephen Davis
62.3%
60Mark Ingram
61.4%
38Derrick Henry
61.4%
38Travis Henry
61.3%
39Joseph Addai
59.4%
36Reggie Bush
59.3%
37Mike Anderson
57.4%
56LaGarrette Blount
54.4%
37Rashard Mendenhall
53.3%
32Devonta Freeman
51.4%
36Melvin Gordon
51.2%
58Cam Newton
51%
36Ahmad Bradshaw
49.8%
40Eddie George
48.5%
38Ronnie Brown
44.2%
34Alfred Morris
43.3%
43Warrick Dunn
43.3%
42BenJarvus Green-Ellis
42.7%
32Cedric Benson
42%
32Lamar Miller
39.8%
44T.J. Duckett
39.6%
36Michael Vick
36.7%
30Kevan Barlow
36%
33Mike Alstott
34.8%
34Daunte Culpepper
34.2%
37Ryan Mathews
32.6%
30Jordan Howard
31.3%
34Mike Tolbert
21%
32Carlos Hyde
18.6%
31Zack Crockett
14.8%
32Tim Hightower
10.3%

From the Vault

Movies Cut Off At 'I'

by MSUKent

Movies 5m
We're glad that these movies cut off at I, rather than cutting off an eye.
Remove Ads.
Support Sporcle.
Get the best of Sporcle when you Go Orange. This ad-free experience offers more features, more stats, and more fun while also helping to support Sporcle. Thank you for becoming a member.

Show Comments

Extras

Top Quizzes Today


Score Distribution

Your Account Isn't Verified!

In order to create a playlist on Sporcle, you need to verify the email address you used during registration. Go to your Sporcle Settings to finish the process.

Report this User

Report this user for behavior that violates our Community Guidelines.

Details: